000 01151nam a22002297a 4500
999 _c2186
_d2186
005 20251125232742.0
008 th tha d
040 _aNALT
041 _atha
050 _aDS712 ส6
100 0 _aสังข์ พัธโนทัย
245 1 0 _aเที่ยวเมืองแต้จิ๋ว ความสัมพันธ์ระหว่างพระเจ้าตากสินกับพระเจ้ากรุงจีน
260 3 _aม.ป.ท. :
_bศูนย์การพิมพ์
300 _a404 หน้า
650 0 4 _aจีน -- ความสัมพันธ์กับต่างประเทศ -- ไทย
650 0 4 _aจีน -- ภูมิประเทศและการท่องเที่ยว
650 0 4 _aไทย -- ความสัมพันธ์กับต่างประเทศ -- จีน
650 0 4 _aไทย -- ประวัติศาสตร์ -- กรุงธนบุรี, 2310--2325
850 _aNALT
856 4 0 _uhttps://hdl.handle.net/20.500.14156/443846
_71
942 _cGB
_2lcc